An atlas of plant structure

Shranjeno v:
Bibliografske podrobnosti
Glavni avtor: Brian Bracegirdle
Format: Knjiga
Jezik:Undetermined
Izdano: London Heinemann Educational Book 1971
Oznake: Označite
Brez oznak, prvi označite!
Thư viện lưu trữ: Trung tâm Học liệu Trường Đại học Cần Thơ
LEADER 00444nam a2200157Ia 4500
001 CTU_33238
008 210402s9999 xx 000 0 und d
082 |a 581.4 
082 |b B796 
100 |a Brian Bracegirdle 
245 3 |a An atlas of plant structure 
245 0 |c Brian Bracegirdle, Patricia H Miles 
260 |a London 
260 |b Heinemann Educational Book 
260 |c 1971 
980 |a Trung tâm Học liệu Trường Đại học Cần Thơ